Statistics for Greek Gods, Goddesses, Demigods, Spirits, and Titans

Click here to take the quiz!

General Stats

  • This quiz has been taken 214 times
    (213 since last reset)
  • The average score is 24 of 74

Answer Stats

HintAnswer% Correct
God of war and defenseAres
91%
Goddess of love, pleasure, and beautyAphrodite
90%
Goddess of the hunt and the moonArtemis
90%
Goddess of wisdomAthena
88%
God of the sun and musicApollo
87%
God of the seaPoseidon
77%
King of the godsZeus
75%
Messenger of the godsHermes
75%
God of the underworldHades
75%
Mother EarthGaea
71%
God of wine and joyDionysus
70%
Goddess of agricultureDemeter
69%
Queen of the underworldPersephone
69%
God of loveEros
67%
Goddess of MarriageHera
64%
Goddess of hearth and domestic lifeHestia
63%
Mighty, skillful female warriorsAmazons
61%
God of the sunHelios
61%
Personification of the rainbowIris
58%
Leader of the TitansCronus
56%
God of fire and metallurgyHephaestus
51%
Mother of ZeusRhea
50%
Goddess of the moonSelene
47%
Goddess of nightNyx
47%
Spinners of the thread of lifeFates(Moirae)
42%
Creator of mankindPrometheus
39%
Goddess of youthHebe
34%
God of shepherdsPan
33%
Wind of the NorthBoreas
29%
Peaceful ruler of the windsAeolos
28%
God of healingAsclepius
26%
Divine spirit of retributive justiceNemesis
22%
Wind of the westZephyrus
21%
Goddess of the dayHemera
21%
Lover of AphroditeAdonis
20%
Titaness of memoryMnemosyne
19%
Muse of comedy and pastoral poetryThalia
18%
Muse of epic poetryCalliope
18%
Goddesses of art and scienceMuses
18%
Messenger of PoseidonTriton
18%
Titan of astronomyAtlas
17%
Muse of historyClio
15%
Nymph of steady replyEcho
15%
Muse of astronomyUrania
14%
Old gentleman of the seasNereus
13%
Goddess of fortuneTyche
13%
Muse of love poetryErato
13%
Titaness of the oceansTethys
12%
Titaness of justiceThemis
12%
Muse of dancingTerpsichore
12%
Deification of the human soulPsyche
12%
Muse of sacred poetry and divine hymnsPolyhymnia
10%
Wind of the southNotos
10%
Muse of tragedyMelpomene
10%
Titaness of sightTheia
9%
Titaness of the moonPhoebe
9%
Greek goddess of healthHygieia
9%
Muse of musicEuterpe
9%
Titan of intelligenceCoeus
8%
East windEuros
8%
Goddess of warEnyo
8%
Titan of mortalityIapetus
7%
Goddesses of the seasonsHorae
7%
Radiant father of the celestial divinitiesHyperion
7%
Personification of violenceBia
7%
Goddesses of joy, charm and beautyCharites
7%
Goddesses of revenge and retributionErinyes
6%
Gray guards with one eyeGraeae
6%
Titan of leadershipCrius
6%
Goddess of childbirthEilithyia
4%
Sea god from EgyptProteus
4%
Spreader of talesRumor
3%
Goddesses of the mountainsPleiades
2%
Pygmies of fireCabeiri
1%

Score Distribution

Percentile by Number Answered

Percent of People with Each Score

Your Score History

You have not taken this quiz since the last reset